000 00320 a2200121 4500
000 nam a22 7a 4500
005 20260316113813.0
020 _a9781470471927
100 _aMilivoje Lukić
_91132135
245 _aA First Course in Spectral Theory
260 _bAmerican Mathematical Society
_c2022
942 _cTEXL
999 _c1715481
_d1715481